Vo Švédsku diskutujú o troch modeloch reformy zdravotníctva

Informácia o alternatívach švédskych reformných postupov v zdravotníctve zameraných na zdokonalenie zdravotníckeho systému. Spracované podľa článku Ch. Hama v britskom časopise British Medical Journal, roč.308, č.6923. Analýza troch modelov financovania a zabezpečovania zdravotníckych služieb: 1. mo...

Description complète

Enregistré dans:
Détails bibliographiques
Auteur principal: Macková, Eva
Format: Chapitre de livre
Langue:slovaque
Sujets:
Tags: Ajouter un tag
Pas de tags, Soyez le premier à ajouter un tag!

MARC

LEADER 00000naa a2200000 4500
001 r016356
005 20221213114735.3
041 0 |a slo 
044 |a SK 
245 1 0 |a Vo Švédsku diskutujú o troch modeloch reformy zdravotníctva  |c Eva Macková 
520 |a Informácia o alternatívach švédskych reformných postupov v zdravotníctve zameraných na zdokonalenie zdravotníckeho systému. Spracované podľa článku Ch. Hama v britskom časopise British Medical Journal, roč.308, č.6923. Analýza troch modelov financovania a zabezpečovania zdravotníckych služieb: 1. model reformovaného miestneho výboru, 2. model riadenia primárnej starostlivosti - presun zodpovednosti z miestnych na komunálne výbory a 3. najradikálnejší model - povinné zdravotné poistenie. 
610 2 0 |a zdravotníctvo 
610 2 0 |a starostlivosť zdravotná 
610 2 0 |a Švédsko 
610 2 0 |a financovanie 
610 2 0 |a modely 
100 1 |a Macková, Eva